000
00324nam a2200109Ia 4500
008
171211s9999 xx 000 0 und d
245
_a
Painting Vibrant Flowers in Watercolor: Revised & Expanded
245
_c
Soon Y. Warren
260
_c
2014
650
_x
Drawing
856
_u
http://down.ebook777.com/005/9781440336157.rar
999
_c
348029
_d
348029